हिमालय की विस्मयभूमि : लाहुल : (Record no. 118429)

MARC details
000 -LEADER
fixed length control field 01455nam a22002897a 4500
003 - CONTROL NUMBER IDENTIFIER
control field dpl
005 - DATE AND TIME OF LATEST TRANSACTION
control field 20190502120716.0
008 - FIXED-LENGTH DATA ELEMENTS--GENERAL INFORMATION
fixed length control field 190502b ||||| |||| 00| 0 eng d
010 ## - LIBRARY OF CONGRESS CONTROL NUMBER
LC control number A-955320
020 ## - INTERNATIONAL STANDARD BOOK NUMBER
Terms of availability 250.00
International Standard Book Number 8187342013
035 ## - SYSTEM CONTROL NUMBER
System control number A-955320, A-955324
037 ## - SOURCE OF ACQUISITION
Source of stock number/acquisition Cen Lib/Ret
040 ## - CATALOGING SOURCE
Original cataloging agency DPL
Language of cataloging HN
Transcribing agency 0
082 ## - DEWEY DECIMAL CLASSIFICATION NUMBER
Classification number 306.95413
Item number शर्माडी
100 ## - MAIN ENTRY--PERSONAL NAME
Personal name शर्मा, डी.डी.
9 (RLIN) 80114
245 ## - TITLE STATEMENT
Title हिमालय की विस्मयभूमि : लाहुल :
Statement of responsibility, etc डी.डी.शर्मा
Remainder of title सामाजिक एवं सांस्कृतिक सन्दर्भ /
246 ## - VARYING FORM OF TITLE
Title proper/short title Himalaye ki vismaybhumi : lahul : samajik ewam sanskritik sandarbh /
Remainder of title by D.D.Sharma
260 ## - PUBLICATION, DISTRIBUTION, ETC. (IMPRINT)
Place of publication, distribution, etc सोलन
Name of publisher, distributor, etc इरा प्रकाशन
Date of publication, distribution, etc 1998
270 ## - ADDRESS
City हिमाचल प्रदेश
Address पंत कुटीर, लक्कड़ बाज़ार
Postal code 173212
300 ## - PHYSICAL DESCRIPTION
Extent 264पृ.
Dimensions 20सेमी(सजिल्द)
500 ## - GENERAL NOTE
General note संदर्भ शामिल
650 ## - SUBJECT ADDED ENTRY--TOPICAL TERM
Topical term or geographic name as entry element भौगोलिक परिवेश -- प्राकृतिक स्थान
9 (RLIN) 80115
650 ## - SUBJECT ADDED ENTRY--TOPICAL TERM
Topical term or geographic name as entry element ऐतिहासिक पृष्ठभूमि -- हिमालय
9 (RLIN) 80116
650 ## - SUBJECT ADDED ENTRY--TOPICAL TERM
Topical term or geographic name as entry element Geographical environment - natural location
9 (RLIN) 80117
650 ## - SUBJECT ADDED ENTRY--TOPICAL TERM
Topical term or geographic name as entry element Historical background - Himalayas
9 (RLIN) 80118
942 ## - ADDED ENTRY ELEMENTS (KOHA)
Source of classification or shelving scheme Dewey Decimal Classification
Koha item type Hindi Books
Classification part 306.95413
Call number suffix शर्माडी
Holdings
Withdrawn status Lost status Damaged status Not for loan Home library Current library Date acquired Source of acquisition Cost, normal purchase price Total Checkouts Full call number Barcode Date last seen Copy number Cost, replacement price Price effective from Koha item type Source of classification or shelving scheme Collection code
        Central Library Central Library 11/09/2015 Cen Lib/Ret 250.00   306.95413 शर्माडी A-955320 11/09/2015 1 250.00 11/09/2015 Hindi Books    
        Shahdara Branch Shahdara Branch 02/05/2019 BPPD/PUB 250.00   306.95413 शर्माडी A-955324 02/05/2019   250.00 02/05/2019 Hindi Books Dewey Decimal Classification Non-fiction

© Delhi Public Library
Hit Counter
free hit counter